Central Library OPAC University of Rajshahi

دليل الكويت : دليل شامل عن دولة الكويت / Dalīl al-Kuwayt : dalīl shāmil ʻan dawlat al-Kuwayt (Record no. 83182)

MARC details
000 -LEADER
fixed length control field 01045cam a2200229u 4500
001 - CONTROL NUMBER
control field 83182
003 - CONTROL NUMBER IDENTIFIER
rucl marc code BD-RjUL
005 - DATE AND TIME OF LATEST TRANSACTION
control field 20240229095703.0
008 - FIXED-LENGTH DATA ELEMENTS--GENERAL INFORMATION
fixed length control field 820309s1964 ku a de 000 0 ara
035 ## - SYSTEM CONTROL NUMBER
System control number (BD-RjUL)83182
040 ## - CATALOGING SOURCE
Original cataloging agency DLC
Transcribing agency CarP
Modifying agency DLC
Language of cataloging eng
041 ## - LANGUAGE CODE
Language code of text/sound track or separate title ara
082 ## - DEWEY DECIMAL CLASSIFICATION NUMBER
Edition number 23
Classification number 338.9536703
Author mark and year DAL 1964
245 00 - TITLE STATEMENT
Title دليل الكويت : دليل شامل عن دولة الكويت / Dalīl al-Kuwayt : dalīl shāmil ʻan dawlat al-Kuwayt
Statement of responsibility, etc. أعدته غرفة تجارة وصناعة الكويت., غرفة تجارة وصناعة الكويت. / aʻaddathu Ghurfat Tijārat wa-Ṣināʻat al-Kuwayt
260 ## - PUBLICATION, DISTRIBUTION, ETC. (IMPRINT)
Place of publication, distribution, etc. Kuwait :
Name of publisher, distributor, etc. مطبعة حكومة الكويت ;; Maṭbaʻat Ḥukūmat al-Kuwayt,
Date of publication, distribution, etc. 1964
300 ## - PHYSICAL DESCRIPTION
Pagination 1059 p. :
Illustrations ill. (some col.) ;
Size 34 cm.
650 #0 - SUBJECT ADDED ENTRY--TOPICAL TERM
Topical term or geographic name as entry element Industries
Geographic subdivision Kuwait
Form subdivision Directories.
9 (RLIN) 11963
Topical term or geographic name as entry element Investments, Foreign
Geographic subdivision Kuwait
Form subdivision Directories.
9 (RLIN) 11964
651 #0 - SUBJECT ADDED ENTRY--GEOGRAPHIC NAME
Geographic name Kuwait
General subdivision Economic policy
Form subdivision Directories.
9 (RLIN) 11965
710 2# - ADDED ENTRY--CORPORATE NAME
Corporate name or jurisdiction name as entry element Ghurfat Tijārat wa-Ṣināʻat al-Kuwayt.
9 (RLIN) 11966
942 ## - ADDED ENTRY ELEMENTS (KOHA)
Source of classification or shelving scheme Dewey Decimal Classification
Koha item type Reference
Holdings
Lost status Source of classification or shelving scheme Damaged status Not for loan Collection code Permanent Location Current Location Shelving location Date acquired Full call number Date last seen Copy number Koha item type
  Dewey Decimal Classification   Not For Loan Reference Central Library, University of Rajshahi Central Library, University of Rajshahi Reference 29/02/2024 AR 338.9536703 DAL 1964 29/02/2024 C-1 Books